000 00752nam a2200241 4500
005 20201128023607.0
008 151013t2014 si a fr 001 0 eng d
020 _a9781118321775
040 _aEG-ScBUE
_beng
_cEG-ScBUE
082 0 4 _a621.4021
_bBOR
_222
100 1 _aBorgnakke, C.
_q(Claus)
_923610
245 1 0 _aFundamentals of thermodynamics /
_cClaus Borgnakke, Richard E. Sonntag.
250 _a8th ed., SI version
260 _aSingapore :
_bJohn Wiley & Sons,
_cc.2014.
300 _axvii, 770 p. :
_bill. ;
_c28 cm.
500 _aIndex : p. 765-770.
650 7 _aThermodynamics.
_2BUEsh
_91919
651 _2BUEsh
653 _bENGMEC
_cOctober2015
655 _vReading book
_934232
700 1 _aSonntag, Richard E.
_923608
942 _2ddc
999 _c20911
_d20883